000 00987cam a2200289 a 4500
999 _c126311
_d126311
001 1027484
003 ARRUPE
005 20170322094043.0
008 880721s1987 sw a b 000 0 eng d
010 _a 88164225
020 _a9158670912
035 _a(OCoLC)20645638
040 _aDNAL
_cDLC
_dDLC
042 _alccopycat
043 _af-ke---
050 0 4 _aS625.K4
_bO825 1987
070 0 _aS625.K508
100 1 _aÖstberg, Wilhelm.
_929461
245 1 0 _aRamblings on soil conservation :
_ban essay from Kenya /
_cWilhelm Östberg.
260 _aStockholm :
_bSwedish International Development Authority,
_c1987.
300 _a83 p. :
_bill. ;
_c21 cm.
504 _aIncludes bibliographical references (p. 81-83).
650 0 _aSoil conservation
_zKenya.
_929462
906 _a7
_bcbc
_ccopycat
_d3
_encip
_f19
_gy-gencatlg
942 _2lcc
_cMONOGRAPH